• 首页
  • 本馆介绍
  • 公告通知
  • 最新文献
  • 馆藏检索
  • 电子资源
  • 读者导购
  • 参考咨询
  • 我的图书馆
  • 登录
  • 详细信息显示
  • 放入我的书架
  • 预约/预借图书
  • 作者相关作品
  • 分类相关作品
  • 丛书相关作品
  • 出版社相关作品

书目信息

  • 表格格式
  • 工作单格式
  • 卡片格式
题名:
美国杂志出版个案研究
    
 
作者: 叶新 著
分册:  
出版信息: 北京   人民日报出版社  2014
页数: 255页
开本: 24cm
丛书名:
单 册:
中图分类: G237.5
科图分类:
主题词: 期刊--出版工作--美国
电子资源:
ISBN: 978-7-5115-2312-9
000 00923nam0 2200253 450
001 338520
005 20150602100200.60
010    @a978-7-5115-2312-9@dCNY48.00
100    @a20141202d2014 em y0chiy50 ea
101 0  @achi
102    @aCN@b110000
105    @ay z 000yy
106    @ar
200 1  @a美国杂志出版个案研究@Amei guo za zhi chu ban ge an yan jiu@d= The case study of USA magazine publishing@f叶新著@zeng
210    @a北京@c人民日报出版社@d2014
215    @a255页@d24cm
300    @a人民日报学术文库 北京印刷学院编辑出版学国家级特色专业建设经费资助
330    @a本书共分为四篇, 内容为杂志出版发行集团个案研究、杂志品牌个案研究、著名杂志出版人个案研究、杂志出版宏观管理个案研究。
510 1  @aCase study of USA magazine publishing@zeng
606 0  @a期刊@x出版工作@y美国
690    @aG237.5@v5
701  0 @a叶新@Aye xin@c(出版工作)@4著
801  0 @aCN@b卓展宏图@c20150525
905    @dG237.5@e65@f4
    
    美国杂志出版个案研究= The case study of USA magazine publishing/叶新著.-北京:人民日报出版社,2014
    255页;24cm
    人民日报学术文库 北京印刷学院编辑出版学国家级特色专业建设经费资助
    
    ISBN 978-7-5115-2312-9:CNY48.00
    本书共分为四篇, 内容为杂志出版发行集团个案研究、杂志品牌个案研究、著名杂志出版人个案研究、杂志出版宏观管理个案研究。
●
相关链接 在E读中查询图书 在五车中查询图书 在当当中查询图书 在豆瓣中查询图书


正题名:美国杂志出版个案研究     索取号:G237.5/65         预约/预借

序号 登录号 条形码 馆藏地/架位号 状态 备注
1 862511   208625111   第一样本阅览室/ [索取号:G237.5/65] 在馆    
2 862512   208625120   第四借阅区/ [索取号:G237.5/65] 在馆    
3 862513   208625139   第四借阅区/ [索取号:G237.5/65] 在馆    
4 862514   208625148   第四借阅区/ [索取号:G237.5/65] 在馆    
唐山师范学院图书馆 欢迎您!
大连网信软件有限公司© 版权所有